| 000 | 00869nam a2200265 a 4500 | ||
|---|---|---|---|
| 001 | BRCA_5037 | ||
| 005 | 20190320204920.0 | ||
| 008 | 041110s1943----sp-a######---#000-0#spa-# | ||
| 041 | _aspa | ||
| 044 | _asp | ||
| 050 | 4 |
_aND813.G6 _b.S35 1943 |
|
| 100 | 1 |
_aSánchez de Rivera y Mosét, Daniel _912865 |
|
| 245 | 1 | 0 |
_aGoya _bla leyenda, la enfermedad y las pinturas religiosas _cDaniel Sánchez de Rivera y Mosét. |
| 260 |
_aMadrid _bBlass _c1943 |
||
| 300 |
_a171 p. _bil., 111 láminas _c29 cm. |
||
| 500 | _aIncuye índice de materias e índice de ilustraciones | ||
| 500 | _aD122 | ||
| 504 | _aBibliografía: p. 165-171 | ||
| 600 | 1 | 4 |
_aGoya y Lucientes, Francisco José de _d1746-1828 _911075 |
| 650 | 1 | 4 |
_aPinturas españolas _97789 |
| 650 | 1 | 4 |
_aPintores españoles _97620 |
| 650 | 1 | 4 |
_aArte y simbolismo cristiano _99209 |
| 902 | _aGFM | ||
| 942 |
_2lcc _cB |
||
| 999 |
_c4731 _d4731 |
||